| 000 | 00801nam a2200193 a 4500 | ||
|---|---|---|---|
| 003 | 0 | ||
| 005 | 20250326133801.0 | ||
| 008 | 050809s19uu xx 00 eng d | ||
| 050 |
_aPGS LB 1062.6.G45 _b.H874 2005 |
||
| 100 | _aHuang, Chie Wei. | ||
| 245 |
_aComparative study of the academic performance of male and female grade six pupils of Southville International School and Colleges year 2004 - 2005 / _cChie Wei Huang. |
||
| 260 |
_aLas PiƱas City, Philippines : _bSouthville International School and Colleges, _c2005. |
||
| 300 |
_a27 pages : _billustrations ; _c28 cm. |
||
| 504 | _aIncludes bibliographical references. | ||
| 650 |
_aAcademic achievement _vGender differences. |
||
| 650 | _aSex differences in education. | ||
| 650 |
_aEducation, Primary _vEvaluation. |
||
| 942 |
_2lcc _cPASS |
||
| 999 |
_c97371 _d97371 |
||